La religión explicada: mandamientos de Dios y preceptos de la iglesia

Guardado en:
Detalles Bibliográficos
Autor principal: Ardizzone (Autor)
Formato: Libro
Lenguaje:español
Publicado: Buenos Aires Junta Nacional de la Accion Católica Argentina 1938
Edición:1a. ed
Colección:Acción Católica Argentina
Materias:
Etiquetas: Agregar Etiqueta
Sin Etiquetas, Sea el primero en etiquetar este registro!

MARC

LEADER 00000cam a2200000 a 4500
001 UCD0729
003 CL-VaPUC
008 151210e19380000ag |||||||||||||||||spa|d
082 0 4 |a 230  |b ARD  |2 21 
100 0 |a Ardizzone  |e author  |9 583743 
245 1 3 |a La religión explicada: mandamientos de Dios y preceptos de la iglesia 
250 |a 1a. ed 
300 |a 405 p 
942 |c BK 
945 |d 20151210 22:58:00  |a gsalatino 
260 |a Buenos Aires  |b Junta Nacional de la Accion Católica Argentina  |c 1938 
600 0 |a Dios  |9 314467 
650 0 |a Creencia  |9 334586 
650 0 |a Religión   |9 255164 
650 0 |a Iglesia   |9 255004 
650 7 |a MANDAMIENTOS  |2 CL-VaPUC  |9 399799 
650 7 |a PRECEPTOS  |2 CL-VaPUC  |9 583091 
583 |a last modification  |c 20151210 22:58:00  |k Rodrigo Vera 
490 0 |a Acción Católica Argentina 
999 |c 362191  |d 362189 
952 |0 0  |1 0  |3 erb  |4 0  |6 230_000000000000000_ARD_1938  |7 0  |8 P  |9 473150  |a BIBTEO  |b BIBTES  |c TEO_FTES  |i 5273110  |o 230 ARD 1938  |p 5273110  |r 2024-01-18  |w 2019-11-24  |y BK  |z Catalogado en:20151210  |k ICR